<?xml version="1.0" encoding="UTF-8"?><?xml-stylesheet type="text/xsl" href="static/style.xsl"?><OAI-PMH xmlns="http://www.openarchives.org/OAI/2.0/" xmlns:xsi="http://www.w3.org/2001/XMLSchema-instance" xsi:schemaLocation="http://www.openarchives.org/OAI/2.0/ http://www.openarchives.org/OAI/2.0/OAI-PMH.xsd"><responseDate>2026-04-18T08:26:54Z</responseDate><request verb="GetRecord" identifier="oai:riubu.ubu.es:10259/10398" metadataPrefix="marc">https://riubu.ubu.es/oai/request</request><GetRecord><record><header><identifier>oai:riubu.ubu.es:10259/10398</identifier><datestamp>2025-04-01T00:05:26Z</datestamp><setSpec>com_10259_4145</setSpec><setSpec>com_10259_5086</setSpec><setSpec>com_10259_2604</setSpec><setSpec>col_10259_4146</setSpec></header><metadata><record xmlns="http://www.loc.gov/MARC21/slim" xmlns:doc="http://www.lyncode.com/xoai" xmlns:xsi="http://www.w3.org/2001/XMLSchema-instance" xmlns:dcterms="http://purl.org/dc/terms/" xsi:schemaLocation="http://www.loc.gov/MARC21/slim http://www.loc.gov/standards/marcxml/schema/MARC21slim.xsd">
<leader>00925njm 22002777a 4500</leader>
<datafield tag="042" ind1=" " ind2=" ">
<subfield code="a">dc</subfield>
</datafield>
<datafield tag="720" ind1=" " ind2=" ">
<subfield code="a">Toma, Radu Bogdan</subfield>
<subfield code="e">author</subfield>
</datafield>
<datafield tag="720" ind1=" " ind2=" ">
<subfield code="a">Greca Dufranc, Ileana María</subfield>
<subfield code="e">author</subfield>
</datafield>
<datafield tag="720" ind1=" " ind2=" ">
<subfield code="a">Orozco Gómez, Martha Lucía</subfield>
<subfield code="e">author</subfield>
</datafield>
<datafield tag="260" ind1=" " ind2=" ">
<subfield code="c">2018-06</subfield>
</datafield>
<datafield tag="520" ind1=" " ind2=" ">
<subfield code="a">Durante décadas, numerosas investigaciones han identificado la existencia de imágenes estereotipadas sobre los científicos mediante el empleo del método Draw-a-Scientist-Test (DAST). No obstante, las limitaciones metodológicas asociadas al DAST cuestionan los resultados obtenidos y resaltan la necesidad de desarrollar nuevos protocolos para evaluar las concepciones de los estudiantes acerca de los científicos. En este trabajo, tras revisar las deficiencias metodológicas del DAST, se proponen algunas modificaciones al protocolo original probadas en una prueba piloto con 149 estudiantes de 2º a 6º curso de Educación Primer de diversidad cultural. Los resultados iniciales muestran que las modificaciones realizadas ayudan a reducir algunos de los problemas metodológicos identificados en el uso del DAST, permitiendo identificar e interpretar de manera más fiable las concepciones de los estudiantes sobre los científicos.</subfield>
</datafield>
<datafield tag="520" ind1=" " ind2=" ">
<subfield code="a">For decades, studies have shown the existence of a stereotypical image of scientist between children among the world using the Draw-a-Scientist-Test (DAST) method. However, the methodological limitations associated with the DAST question the results obtained and highlight the need to develop new protocols to evaluate students’ conceptions about scientists. In this paper the methodological deficiencies of the DAST instrument are reviewed and some changed made to the original protocol are described. The pilot test carried out with 149 students of cultural diversity enrolled in 2nd to 6th grades of Elementary School shows that this modification allows a more reliable identification and analysis of students’ conceptions, reducing some of the methodological problems identified in the use of DAST.</subfield>
</datafield>
<datafield tag="024" ind2=" " ind1="8">
<subfield code="a">http://hdl.handle.net/10259/10398</subfield>
</datafield>
<datafield tag="024" ind2=" " ind1="8">
<subfield code="a">10.25267/Rev_Eureka_ensen_divulg_cienc.2018.v15.i3.3104</subfield>
</datafield>
<datafield tag="024" ind2=" " ind1="8">
<subfield code="a">1697-011X</subfield>
</datafield>
<datafield ind1=" " ind2=" " tag="653">
<subfield code="a">Imagen de científico</subfield>
</datafield>
<datafield ind1=" " ind2=" " tag="653">
<subfield code="a">DAST</subfield>
</datafield>
<datafield ind1=" " ind2=" " tag="653">
<subfield code="a">Estereotipos sobre ciencia</subfield>
</datafield>
<datafield ind1=" " ind2=" " tag="653">
<subfield code="a">Educación primaria</subfield>
</datafield>
<datafield ind1=" " ind2=" " tag="653">
<subfield code="a">Diversidad cultural</subfield>
</datafield>
<datafield ind1=" " ind2=" " tag="653">
<subfield code="a">Image of scientist</subfield>
</datafield>
<datafield ind1=" " ind2=" " tag="653">
<subfield code="a">Draw a scientist test</subfield>
</datafield>
<datafield ind1=" " ind2=" " tag="653">
<subfield code="a">Science stereotypes</subfield>
</datafield>
<datafield ind1=" " ind2=" " tag="653">
<subfield code="a">Primary school</subfield>
</datafield>
<datafield ind1=" " ind2=" " tag="653">
<subfield code="a">Cultural diversity</subfield>
</datafield>
<datafield tag="245" ind1="0" ind2="0">
<subfield code="a">Una revisión del protocolo Draw-a-Scientist-Test (DAST)</subfield>
</datafield>
</record></metadata></record></GetRecord></OAI-PMH>